Suffolk University law review

Bibliographic Details
Format: Unknown
Language:English
Published: Boston : Suffolk University Law School
Subjects:
Online Access:Acceso restringido

MARC

LEADER 00000ny a22000003n 4500
005 20110512110651.0
006 sqr p s g 0 a0
007 cr cnu---m|a|a
008 050530c19679999us f j eng c
010 |a 00207471   |a sf 79010263   |a sn 78004929 
016 7 |a 100971766  |2 DNLM 
022 |a 0039-4696 
035 |a 3191 
040 |a SpMaUCDE  |d vLex 
080 |a 34(73)(086)(05) 
090 |c 1743  |d 1743 
245 0 0 |a Suffolk University law review  |h [Recurso electrn̤ico]  |c Suffolk University Law School 
256 |a Servicio en ln̕ea 
260 |a Boston :  |b Suffolk University Law School 
310 |a Trimestral. 
321 |a Otras periodicidades. 
506 1 |a Contenido solo disponible en los productos indicados  |d vLex Global  |d vLex Global (Academic Edition, excluding Law Schools)  |d vLex Global (Academic Edition, Law Schools) 
650 0 4 |a Derecho  |z Estados Unidos  |x Publicaciones perid̤icas 
650 0 4 |a Law 
740 0 |a vLex Revista (Servicios en ln̕ea) 
843 |a Electrn̤ica. Abierta 
853 |8 1  |i (year)  |j (month)  |k (day) 
856 4 0 |u http://vlex.com/source/3191  |z Acceso restringido 
942 |c REV 
999 7 |a États-Unis 
999 7 |a Massachusetts 
999 7 |a Derecho  |z Estados Unidos  |v En ln̕ea.